|
|
|
|
| LEADER |
00927nam a2200265 a 4500 |
| 001 |
987 |
| 003 |
BD-DhAAL |
| 005 |
20150418114300.0 |
| 008 |
150418s1998 pk a b 001 0 eng |
| 010 |
|
|
|a 98930521
|
| 020 |
|
|
|a 0195778251
|
| 040 |
|
|
|a DLC
|c DLC
|d DLC
|d BD-DhAAL
|
| 050 |
0 |
0 |
|a LA1156
|b .E36 1998
|
| 082 |
0 |
0 |
|a 379.5491
|2 21
|
| 245 |
0 |
0 |
|a Education and the state :
|b fifty years of Pakistan /
|c edited by Pervez Hoodbhoy.
|
| 260 |
|
|
|a Karachi :
|b Oxford University Press,
|c 1998.
|
| 300 |
|
|
|a 349 p. :
|b ill. ;
|c 22 cm.
|
| 504 |
|
|
|a Includes bibliographical references and index.
|
| 541 |
|
|
|e 987
|
| 650 |
|
0 |
|a Education
|z Pakistan.
|9 10505
|
| 650 |
|
0 |
|a Education and state
|z Pakistan.
|9 10506
|
| 700 |
1 |
|
|a Hoodbhoy, Pervez.
|9 10507
|
| 942 |
|
|
|2 ddc
|c BK
|
| 999 |
|
|
|c 34259
|d 34259
|
| 952 |
|
|
|0 0
|1 0
|2 ddc
|4 0
|6 379_549100000000000_EDU
|7 0
|9 53485
|a SCL
|b SCL
|c GEN
|d 2015-04-18
|l 0
|o 379.5491 EDU
|p 3020000987
|r 2015-04-18
|t 1
|w 2015-04-18
|y BK
|